00528nam a22001457a 4500003000400000005001700004008004100021040001400062100002900076245010200105260001000207300003200217500010500249504002800354OSt20171010095529.0121005t xxu||||| |||| 00| 0 eng d aMMSUcULS aAncheta, Albert M. et al aFormulation of the CHB design guideline using Laoag river aggregates cAlbert M. Ancheta, et al.  c2008  aviii, [80] leaves c28 cm.  aThesis (BS Civil Engineering) -- Mariano Marcos State University-College of Engineering, Batac City  aBibliography: leaf [35]